000 00577nam a2200205Ia 4500
003 OSt
005 20260102115838.0
008 210210b1927 xxu||||| |||| 00| 0 eng d
040 _cAL
041 _aKannada
082 _a859/1977
100 _aSHIVARAMAYYA (I)
_dಶಿವರಾಮಯ್ಯ (ಐ)
_9249924
245 _aKadambari kathasaravu
_bಕಾದಂಬರಿ ಕಥಾಸಾರವು
260 _aMangaLUru
_b-
_c1927
650 _akathAsAravu
_9249925
650 _aKAdambari
_9249926
690 _aKannada Fiction
_9249927
906 _a022694
942 _2ddc
_cBK
999 _c147280
_d147280